000 00595nam a22001937a 4500
999 _c157671
_d157671
005 20180924151235.0
010 _aENG-124041
020 _a9789352869060
_c749.00
035 _aEN-107573
037 _bDBAD/PUB
082 _a777.55
100 _aJago, Maxim
245 _aPr adobe premiere pro cc 2018 release /
_cby Maxim Jago
260 _aNoida
_bPearson
_c2018
270 _a15th Floor, Tower B, Worls Trade Tower, Plot No.1, Block -C
_bNoida (UP)
_e201301
300 _axvii, 452p.
_c25cm.(pbk)
_bill.
500 _aIt includes index
942 _2ddc
_cEN
_h777.55
_mJAG